[Event "Oslo Chess International 2014"]
[Site "Oslo"]
[Date "2014.09.28"]
[Round "2"]
[White "Turov, Maxim"]
[Black "Gara, Anita"]
[Result "1/2-1/2"]
[WhiteElo "2586"]
[BlackElo "2322"]
[PlyCount "43"]
[EventDate "2014.??.??"]

1. d4 d5 2. c4 e6 3. Nc3 c5 4. cxd5 exd5 5. Nf3 Nc6 6. dxc5 d4 7. Na4 Bxc5 8.
Nxc5 Qa5+ 9. Qd2 Qxc5 10. e3 dxe3 11. Qxe3+ Qxe3+ 12. Bxe3 Be6 13. Nd4 Nxd4 14.
Bxd4 f6 15. Rc1 Ne7 16. Rc7 b6 17. Ba6 Nf5 18. Be3 Nxe3 19. fxe3 O-O 20. O-O
Rf7 21. Rc6 Re7 22. Rxe6
1/2-1/2

[Event "Oslo Chess International 2014"]
[Site "Oslo"]
[Date "2014.09.28"]
[Round "2"]
[White "Basso, Pier Luigi"]
[Black "Solodovnichenko, Yuri"]
[Result "1-0"]
[WhiteElo "2322"]
[BlackElo "2566"]
[PlyCount "45"]
[EventDate "2014.??.??"]

1. c4 Nf6 2. g3 c6 3. Bg2 d5 4. Nf3 dxc4 5. O-O Nbd7 6. Qc2 Nb6 7. Na3 Be6 8.
Ng5 Bg4 9. Nxc4 Bxe2 10. Ne5 Bh5 11. Re1 e6 12. Bf3 Bg6 13. Bxc6+ bxc6 14.
Qxc6+ Nfd7 15. Ngxf7 Bxf7 16. Nxf7 Qf6 17. Nxh8 e5 18. Qe4 O-O-O 19. d4 Bd6 20.
Bg5 Qxg5 21. Qc6+ Bc7 22. Rac1 Nd5 23. Nf7
1-0

[Event "Oslo Chess International 2014"]
[Site "Oslo"]
[Date "2014.09.28"]
[Round "2"]
[White "Nilsen, Joachim B."]
[Black "Papp, Gabor"]
[Result "1/2-1/2"]
[WhiteElo "2363"]
[BlackElo "2559"]
[PlyCount "57"]
[EventDate "2014.??.??"]

1. d4 Nf6 2. c4 e6 3. Nf3 d5 4. Nc3 Be7 5. Bg5 h6 6. Bh4 O-O 7. e3 Nbd7 8. Qc2
b6 9. Rd1 Bb7 10. Be2 Ne4 11. Bxe7 Qxe7 12. O-O f5 13. Rb1 c5 14. Rfd1 cxd4 15.
exd4 dxc4 16. Bxc4 Nxc3 17. Qxc3 Nf6 18. Qb3 Bd5 19. Re1 Rfd8 20. Rbc1 Ne4 21.
Bxd5 Rxd5 22. Rc6 Rad8 23. h3 Kh7 24. Qc2 R8d6 25. Rc7 Rd7 26. Rc6 R7d6 27. Rc7
Rd7 28. Rc6 R7d6 29. Rc7
1/2-1/2

[Event "Oslo Chess International 2014"]
[Site "Oslo"]
[Date "2014.09.28"]
[Round "2"]
[White "Werle, Jan"]
[Black "Hauge, Lars Oskar"]
[Result "1/2-1/2"]
[WhiteElo "2523"]
[BlackElo "2322"]
[PlyCount "69"]
[EventDate "2014.??.??"]

1. d4 Nf6 2. c4 g6 3. Nc3 Bg7 4. e4 O-O 5. Nf3 d6 6. Be2 e5 7. O-O Nc6 8. d5
Ne7 9. b4 a5 10. Ba3 axb4 11. Bxb4 b6 12. a4 Re8 13. Re1 Bf8 14. Nd2 c5 15.
dxc6 Nxc6 16. Ba3 Nd4 17. Bf1 Nd7 18. Nb3 Nc5 19. Nxd4 exd4 20. Bxc5 bxc5 21.
Nd5 Bg7 22. Bd3 Bd7 23. Re2 Bc6 24. g3 Bxd5 25. exd5 Rxe2 26. Qxe2 Qa5 27. Qd1
Qb4 28. Kg2 Bf6 29. h4 h5 30. Ra2 Kg7 31. Qc2 Ra7 32. Qd1 Ra8 33. Qc2 Ra7 34.
Qd1 Ra8 35. Qc2
1/2-1/2

[Event "Oslo Chess International 2014"]
[Site "Oslo"]
[Date "2014.09.28"]
[Round "2"]
[White "Arvola, Benjamin"]
[Black "Svane, Rasmus"]
[Result "1/2-1/2"]
[WhiteElo "2318"]
[BlackElo "2506"]
[PlyCount "196"]
[EventDate "2014.??.??"]

1. e4 c6 2. Nf3 d5 3. Nc3 Bg4 4. h3 Bh5 5. Be2 e6 6. O-O Nf6 7. exd5 cxd5 8.
Ne5 Bxe2 9. Qxe2 Nc6 10. d3 Bd6 11. Ng4 O-O 12. Bg5 Be7 13. Nxf6+ Bxf6 14. Bxf6
Qxf6 15. Nd1 d4 16. c4 dxc3 17. bxc3 Rac8 18. Qe4 Rfd8 19. Rc1 Qe5 20. Qxe5
Nxe5 21. d4 Nd3 22. Rb1 b6 23. Rb3 Nf4 24. Re1 Nd5 25. Kf1 a5 26. Re2 Rc4 27.
Ke1 a4 28. Rb1 Nxc3 29. Rc2 Nxb1 30. Rxc4 Na3 31. Rxa4 Nc2+ 32. Ke2 Nxd4+ 33.
Ke3 Nb5 34. Rb4 Rxd1 35. Rxb5 Rd6 36. a4 g6 37. a5 bxa5 38. Rxa5 Kg7 39. h4 Rb6
40. g3 Rb3+ 41. Kf4 Kf6 42. Rc5 Ra3 43. Rb5 Rc3 44. Ra5 h6 45. Rb5 Rd3 46. Ra5
Rb3 47. Rc5 e5+ 48. Ke4 Rb4+ 49. Ke3 Rb6 50. Ke4 Ra6 51. Rb5 h5 52. Rc5 Rb6 53.
Ra5 Rc6 54. f4 Rc4+ 55. Kd3 Rb4 56. fxe5+ Kf5 57. e6+ Kxe6 58. Ke3 Rg4 59. Ra6+
Ke5 60. Ra5+ Kf6 61. Ra6+ Kg7 62. Kf3 Rb4 63. Rc6 Rb3+ 64. Kf4 Rb1 65. Ra6 Rf1+
66. Ke3 Rf6 67. Ra8 Rc6 68. Kf4 Kf6 69. Ra5 Rc4+ 70. Kf3 Rd4 71. Ra7 Ke6 72.
Ra6+ Rd6 73. Ra7 Rb6 74. Ra5 Rb3+ 75. Kf4 Rb4+ 76. Kf3 Rd4 77. Rb5 Rd5 78. Rb7
Rc5 79. Kf4 Rc4+ 80. Kf3 Rd4 81. Rb5 Rd5 82. Rb7 f6 83. Ke4 Re5+ 84. Kf4 Rc5
85. Rb6+ Ke7 86. Rb7+ Kd6 87. Rg7 Rc4+ 88. Kf3 Rg4 89. Ra7 f5 90. Ra6+ Ke7 91.
Ra7+ Ke6 92. Ra6+ Kf7 93. Ra7+ Kf6 94. Ra6+ Kg7 95. Ra7+ Kh6 96. Ra6 Re4 97.
Rb6 Rc4 98. Ra6 Rb4
1/2-1/2

[Event "Oslo Chess International 2014"]
[Site "Oslo"]
[Date "2014.09.28"]
[Round "2"]
[White "Hansen, Torbjørn R."]
[Black "Pranav, Vijay"]
[Result "1-0"]
[WhiteElo "2476"]
[BlackElo "2197"]
[PlyCount "135"]
[EventDate "2014.??.??"]

1. c4 c6 2. Nf3 d5 3. b3 Nf6 4. g3 g6 5. Bb2 Bg7 6. Bg2 O-O 7. O-O a5 8. Na3
Na6 9. d3 a4 10. Nc2 Qb6 11. Nd2 Rd8 12. b4 c5 13. Rb1 cxb4 14. Nxb4 Nxb4 15.
Ba3 Qc7 16. Rxb4 Bg4 17. cxd5 Qc3 18. Nb1 Qe5 19. Re1 Bh5 20. h3 g5 21. g4 Bg6
22. e4 Ra7 23. Nd2 Qc3 24. Qc1 Rc8 25. Rc4 Rxc4 26. Nxc4 Qxc1 27. Rxc1 b5 28.
Ne5 Rb7 29. Rc8+ Bf8 30. Nc6 Kg7 31. Bb4 Nd7 32. Nxe7 Bxe7 33. Bxe7 b4 34. Bxg5
b3 35. axb3 axb3 36. Rc1 Ne5 37. Rb1 Nxd3 38. f3 b2 39. Bf1 Ne5 40. Kf2 Rb4 41.
Be2 f6 42. Bd2 Rb3 43. Bf4 Nd7 44. Bd1 Rb7 45. Bd6 h5 46. Ke2 hxg4 47. hxg4 Rb5
48. Ba3 Rxd5 49. Rxb2 Ra5 50. Rb7 Be8 51. Bb2 Kg6 52. f4 Nc5 53. Rb6 Ra6 54.
Rxa6 Bb5+ 55. Ke3 Bxa6 56. Bd4 Nd7 57. Bc2 Kf7 58. f5 Bb7 59. Kf4 Ba6 60. g5
fxg5+ 61. Kxg5 Bc4 62. e5 Nf8 63. Bd1 Bd3 64. Bh5+ Kg8 65. Kf6 Nh7+ 66. Ke7 Be4
67. f6 Bd5 68. e6
1-0

[Event "Oslo Chess International 2014"]
[Site "Oslo"]
[Date "2014.09.28"]
[Round "2"]
[White "Mihajlov, Svetoslav"]
[Black "Andersen, Mads"]
[Result "0-1"]
[WhiteElo "2154"]
[BlackElo "2470"]
[PlyCount "92"]
[EventDate "2014.??.??"]

1. e4 e5 2. Nf3 Nc6 3. Bb5 a6 4. Ba4 Nf6 5. O-O Be7 6. d3 d6 7. c3 O-O 8. Re1
b5 9. Bb3 Na5 10. Bc2 c5 11. Nbd2 Nc6 12. Nf1 Nd7 13. Ne3 Nb6 14. Nd5 Nxd5 15.
exd5 Nb8 16. a4 Bb7 17. axb5 axb5 18. Rxa8 Bxa8 19. d4 exd4 20. Qe2 Bf6 21.
Qxb5 Bxd5 22. Nxd4 Bxg2 23. Kxg2 cxd4 24. cxd4 Qc8 25. Bf5 Qc6+ 26. Qxc6 Nxc6
27. d5 Ne7 28. Be4 Rb8 29. Bf4 Rb6 30. Ra1 g5 31. Be3 Rb4 32. Bf3 Nf5 33. Ra8+
Kg7 34. Be2 Rxb2 35. Kf1 Rb1+ 36. Kg2 Rb3 37. Ra7 Nh4+ 38. Kg1 Rb1+ 39. Bf1 Rd1
40. Ra5 Be5 41. h3 f5 42. Ba7 h5 43. Rb5 g4 44. Rb3 Kg6 45. hxg4 fxg4 46. Rd3
Nf3+
0-1

[Event "Oslo Chess International 2014"]
[Site "Oslo"]
[Date "2014.09.28"]
[Round "2"]
[White "Elsness, Frode"]
[Black "Einarsen, Kenneth"]
[Result "1-0"]
[WhiteElo "2465"]
[BlackElo "2106"]
[PlyCount "33"]
[EventDate "2014.??.??"]

1. d4 d5 2. c4 e6 3. Nf3 Be7 4. g3 Nf6 5. Bg2 O-O 6. O-O a6 7. Nc3 dxc4 8. Ne5
c5 9. dxc5 Bxc5 10. Nxc4 Nbd7 11. Na4 Ba7 12. Bf4 Bb8 13. Nab6 Nxb6 14. Qxd8
Rxd8 15. Nxb6 Bxf4 16. Nxa8 Be5 17. Rfd1
1-0

[Event "Oslo Chess International 2014"]
[Site "Oslo"]
[Date "2014.09.28"]
[Round "2"]
[White "Tari, Aryan"]
[Black "Haug, Johannes"]
[Result "1-0"]
[WhiteElo "2456"]
[BlackElo "2194"]
[PlyCount "101"]
[EventDate "2014.??.??"]

1. c4 Nf6 2. Nc3 d5 3. d4 g6 4. Nf3 Bg7 5. Qa4+ c6 6. cxd5 Nxd5 7. e4 Nb6 8.
Qc2 O-O 9. Be3 Be6 10. Rd1 Bc4 11. Be2 Na6 12. a3 Nc7 13. O-O Rc8 14. Rfe1 Ne6
15. b4 Qd6 16. Rb1 Rfd8 17. Red1 Qc7 18. a4 Bxe2 19. Nxe2 Nd7 20. h3 Nf6 21.
Rdc1 Qb8 22. Ng3 Nf4 23. Qc4 N6h5 24. Ng5 e6 25. Nxh5 Nxh5 26. e5 Bf8 27. Ne4
Be7 28. Qe2 Ng7 29. g4 Qc7 30. Rd1 Ne8 31. h4 Qd7 32. Qf3 Qd5 33. Qf4 Ng7 34.
f3 b6 35. Qh6 Ne8 36. Kg2 c5 37. h5 Bf8 38. Qf4 cxd4 39. hxg6 fxg6 40. Ng5 Rc7
41. Rbc1 Rcd7 42. Rxd4 Qa2+ 43. Kg3 h6 44. Nh7 Bg7 45. Nf6+ Nxf6 46. exf6 Bf8
47. Rxd7 Rxd7 48. Rc8 Qa1 49. Rxf8+ Kxf8 50. Qxh6+ Ke8 51. Qh8+
1-0

[Event "Oslo Chess International 2014"]
[Site "Oslo"]
[Date "2014.09.28"]
[Round "2"]
[White "Harstad, Christian"]
[Black "Galyas, Miklos"]
[Result "0-1"]
[WhiteElo "2002"]
[BlackElo "2421"]
[PlyCount "60"]
[EventDate "2014.??.??"]

1. d4 d6 2. c4 e5 3. Nf3 e4 4. Ng5 f5 5. Nc3 c6 6. Nh3 Be7 7. e3 Nf6 8. Be2 O-O
9. O-O Na6 10. Rb1 Nc7 11. d5 cxd5 12. cxd5 Nd7 13. f3 exf3 14. gxf3 Bf6 15.
Nf2 Rb8 16. e4 b5 17. a3 a6 18. Bf4 Ne5 19. Bg3 Ng6 20. exf5 Bxf5 21. Nce4 Be5
22. Rc1 Nf4 23. Bxf4 Bxf4 24. Rc6 Qh4 25. h3 Bxh3 26. Rxc7 Bf5 27. Re1 Bxe4 28.
Nxe4 Qh2+ 29. Kf1 Be3 30. Bd3 Qh1+
0-1

[Event "Oslo Chess International 2014"]
[Site "Oslo"]
[Date "2014.09.28"]
[Round "2"]
[White "Goossens, Hanne"]
[Black "Manea, Alexandru"]
[Result "0-1"]
[WhiteElo "2187"]
[BlackElo "2368"]
[PlyCount "92"]
[EventDate "2014.??.??"]

1. e4 d6 2. d4 Nf6 3. Nc3 c6 4. a4 Nbd7 5. Nf3 e5 6. Bc4 Be7 7. O-O O-O 8. Re1
a5 9. h3 Qc7 10. b3 h6 11. Bb2 Re8 12. Nh4 Nf8 13. Nf5 Bxf5 14. exf5 exd4 15.
Qxd4 d5 16. Bf1 N8d7 17. Ba3 Bxa3 18. Rxe8+ Rxe8 19. Rxa3 Qe5 20. Qxe5 Rxe5 21.
g4 h5 22. g5 Ne4 23. Nxe4 dxe4 24. h4 Rxf5 25. Bh3 Rd5 26. Bxd7 Rxd7 27. Ra1 f5
28. gxf6 gxf6 29. Kf1 Rd2 30. Rc1 Kf7 31. Ke1 Rd8 32. Ke2 Rg8 33. Ke3 Rg4 34.
Rh1 Ke6 35. f3 exf3 36. Kxf3 f5 37. Rh2 b5 38. axb5 cxb5 39. Rh1 a4 40. bxa4
bxa4 41. Ke3 Kd5 42. Kd3 Rg3+ 43. Kd2 a3 44. Rf1 Ke4 45. c4 a2 46. c5 Ra3
0-1

[Event "Oslo Chess International 2014"]
[Site "Oslo"]
[Date "2014.09.28"]
[Round "2"]
[White "Hjelmås, Lars"]
[Black "Merkesvik, Sondre"]
[Result "1/2-1/2"]
[WhiteElo "2302"]
[BlackElo "2179"]
[PlyCount "110"]
[EventDate "2014.??.??"]

1. d4 Nf6 2. c4 g6 3. Nc3 d5 4. cxd5 Nxd5 5. e4 Nxc3 6. bxc3 Bg7 7. Bg5 c5 8.
Rc1 Qa5 9. Qd2 h6 10. Be3 cxd4 11. cxd4 Qxd2+ 12. Kxd2 O-O 13. Bd3 Rd8 14. Ne2
Nc6 15. Rc4 Be6 16. d5 Ne5 17. Rc7 Bc8 18. Bc5 e6 19. Be7 Rd7 20. Rhc1 Rxc7 21.
Rxc7 exd5 22. exd5 Nxd3 23. Kxd3 Bf5+ 24. Ke3 Re8 25. Rxb7 Be5 26. Kd2 Bc8 27.
Rxa7 Bb8 28. Ra8 Bb7 29. d6 Bxa8 30. d7 Bc6 31. dxe8=Q+ Bxe8 32. Nd4 f5 33. h4
Be5 34. Kd3 Kf7 35. Bd8 h5 36. Kc4 Bxd4 37. Kxd4 Ke6 38. Kc5 Ba4 39. Bc7 Kd7
40. Bb8 Bc6 41. g3 Ba4 42. Kb4 Bd1 43. a4 Kc6 44. a5 Be2 45. Kc3 Kd5 46. Kd2
Ba6 47. Ke3 Bb5 48. Bc7 Ba6 49. f3 Bb5 50. Kf4 Ke6 51. g4 fxg4 52. fxg4 Kd5 53.
Kg5 Bd3 54. gxh5 gxh5 55. Kxh5 Kc6
1/2-1/2

[Event "Oslo Chess International 2014"]
[Site "Oslo"]
[Date "2014.09.28"]
[Round "2"]
[White "Bjerke, Richard"]
[Black "Haugli, Petter"]
[Result "1-0"]
[WhiteElo "2172"]
[BlackElo "2277"]
[PlyCount "53"]
[EventDate "2014.??.??"]

1. e4 e6 2. d4 d5 3. Nd2 c5 4. Ngf3 Nc6 5. dxc5 Bxc5 6. Bd3 Nf6 7. Qe2 Nb4 8.
e5 Nxd3+ 9. cxd3 Nd7 10. O-O O-O 11. Nb3 Be7 12. Nbd4 Nc5 13. Be3 Bd7 14. Rac1
Rc8 15. Rc2 Qa5 16. Rfc1 Qa6 17. Rc3 Rfd8 18. a3 Na4 19. Rxc8 Rxc8 20. Rxc8+
Bxc8 21. Qc2 Nb6 22. Qc7 Qxd3 23. Ne1 Qb1 24. Ndf3 Bf8 25. Bxb6 axb6 26. b4 Qb3
27. Ng5
1-0

[Event "Oslo Chess International 2014"]
[Site "Oslo"]
[Date "2014.09.28"]
[Round "2"]
[White "Gonzàlez, Francisco Silva"]
[Black "Raghavi, Nagarjan"]
[Result "0-1"]
[WhiteElo "2130"]
[BlackElo "2253"]
[PlyCount "72"]
[EventDate "2014.??.??"]

1. d4 Nf6 2. c4 e6 3. Nc3 Bb4 4. Qc2 O-O 5. a3 Bxc3+ 6. Qxc3 b6 7. Bg5 Bb7 8.
f3 h6 9. Bh4 d5 10. e3 Nbd7 11. cxd5 exd5 12. Bd3 Rc8 13. Ne2 c5 14. Qd2 Re8
15. O-O Qe7 16. Bf2 Nb8 17. Ng3 Nc6 18. Nf5 Qd7 19. Bh4 Qe6 20. Bg3 Nh5 21. Bf2
Na5 22. Rae1 Nc4 23. Qc3 Nf6 24. Ng3 Nd6 25. b3 Qd7 26. Qb2 c4 27. bxc4 Nxc4
28. Qa2 Qa4 29. Nf5 Re6 30. Rc1 Ba6 31. e4 dxe4 32. fxe4 Nxe4 33. d5 Re5 34.
Bd4 Rxf5 35. Rxf5 Ncd6 36. Rxc8+ Bxc8
0-1

[Event "Oslo Chess International 2014"]
[Site "Oslo"]
[Date "2014.09.28"]
[Round "2"]
[White "Sousa, Ludy Helsio P"]
[Black "Wieweg, Johnny"]
[Result "1-0"]
[WhiteElo "2228"]
[BlackElo "2140"]
[PlyCount "83"]
[EventDate "2014.??.??"]

1. e4 e5 2. Nf3 Nc6 3. Bb5 g6 4. O-O Bg7 5. c3 d6 6. d4 Bd7 7. dxe5 dxe5 8. Qe2
Nge7 9. Rd1 O-O 10. Nbd2 Qe8 11. Nb3 b6 12. Bg5 f6 13. Be3 Rd8 14. a4 a5 15.
Qc4+ Qf7 16. Qe2 Be6 17. Nbd2 h6 18. Nh4 Na7 19. Ba6 f5 20. exf5 gxf5 21. f4 e4
22. g3 Nd5 23. Bf2 c5 24. Nc4 Nc8 25. Ne3 Nce7 26. Nhg2 Nxe3 27. Nxe3 Nd5 28.
Nc4 Qc7 29. Rd2 Ra8 30. Bb5 Nxc3 31. bxc3 Bxc3 32. Rd6 Bxa1 33. Rxe6 Rf6 34.
Rxf6 Bxf6 35. Qh5 Qd8 36. Qg6+ Bg7 37. Ne5 Qd1+ 38. Kg2 Rf8 39. Bc4+ Kh8 40.
Qxb6 Re8 41. Ng6+ Kh7 42. Nh4
1-0

[Event "Oslo Chess International 2014"]
[Site "Oslo"]
[Date "2014.09.28"]
[Round "2"]
[White "Djurhuus, Eivind X"]
[Black "Hanssen, Gunnar B."]
[Result "0-1"]
[WhiteElo "2105"]
[BlackElo "2204"]
[PlyCount "66"]
[EventDate "2014.??.??"]

1. c4 e6 2. Nf3 Nf6 3. g3 b6 4. Bg2 Bb7 5. O-O Be7 6. b3 O-O 7. Bb2 d5 8. e3
Nbd7 9. Nc3 Nc5 10. d4 Nce4 11. Ne2 c6 12. Rc1 Bd6 13. Ne5 Nd7 14. Nd3 Qe7 15.
f3 Nef6 16. e4 e5 17. dxe5 Nxe5 18. Nxe5 Bxe5 19. Bxe5 Qxe5 20. f4 Qe7 21. cxd5
cxd5 22. e5 Ne4 23. Nd4 f5 24. Qd3 g6 25. Rc2 Rac8 26. Rfc1 Rc5 27. Nb5 Rfc8
28. Nxa7 Ra8 29. Nb5 Rxa2 30. Nc3 Nxc3 31. Rxc3 Rxg2+ 32. Kxg2 d4+ 33. Kg1 dxc3
0-1

[Event "Oslo Chess International 2014"]
[Site "Oslo"]
[Date "2014.09.28"]
[Round "2"]
[White "Wallace, Paul"]
[Black "Kjølberg, Jens Hjorth"]
[Result "0-1"]
[WhiteElo "2200"]
[BlackElo "2058"]
[PlyCount "82"]
[EventDate "2014.??.??"]

1. e4 e5 2. f4 exf4 3. Nf3 Be7 4. Bc4 Nf6 5. e5 Ng4 6. O-O O-O 7. Nc3 d6 8.
exd6 Bxd6 9. Ne4 Nc6 10. d4 Bf5 11. Nfg5 Bxe4 12. Qxg4 Bg6 13. Bxf4 Ba3 14. Be3
Bxb2 15. Rad1 Qe7 16. Rf3 Rad8 17. Bf2 Ne5 18. Re1 Nxf3+ 19. Nxf3 Qb4 20. Bb3
c5 21. Rb1 c4 22. d5 Bf6 23. a3 Qxa3 24. Qxc4 Rc8 25. Qe2 Rfe8 26. Qd1 Red8 27.
Nd4 a6 28. Qg4 Qd6 29. h3 h6 30. Kh1 Re8 31. Nf5 Qe5 32. Nxh6+ Kf8 33. Re1 Qd6
34. Nf5 Bxf5 35. Qxf5 Rxe1+ 36. Bxe1 Re8 37. Bf2 Kg8 38. Qg4 Qa3 39. Bg3 Qa1+
40. Kh2 Bd4 41. Bf4 Bg1+
0-1

[Event "Oslo Chess International 2014"]
[Site "Oslo"]
[Date "2014.09.28"]
[Round "3"]
[White "Istratescu, Andrei"]
[Black "Djurovic, Goran"]
[Result "1/2-1/2"]
[WhiteElo "2653"]
[BlackElo "2408"]
[PlyCount "108"]
[EventDate "2014.??.??"]

1. e4 c5 2. Nf3 d6 3. d4 cxd4 4. Nxd4 Nf6 5. Nc3 a6 6. Bg5 e6 7. f4 Qb6 8. Nb3
Nbd7 9. Qf3 Be7 10. O-O-O Qc7 11. Bd3 b5 12. a3 Rb8 13. Rhe1 b4 14. axb4 Rxb4
15. Qe2 h6 16. Bh4 g5 17. fxg5 hxg5 18. Bxg5 Nc5 19. Nxc5 Qxc5 20. h4 Nd7 21.
Bxe7 Kxe7 22. g3 Ne5 23. Qe3 Qxe3+ 24. Rxe3 a5 25. b3 Bd7 26. Kd2 a4 27. bxa4
Bxa4 28. Rb1 Rxb1 29. Nxb1 Ra8 30. Na3 Rc8 31. Ba6 Rg8 32. Be2 Bc6 33. Nc4 Nd7
34. Ke1 Ra8 35. e5 d5 36. Nd2 d4 37. Rd3 Ra2 38. Bd1 Nxe5 39. Rxd4 f5 40. Rb4
Ra1 41. Rb1 Ra2 42. Nf1 Nc4 43. Rb4 Bd5 44. Kf2 Ra3 45. Be2 Nd6 46. Bd3 Rc3 47.
Ne3 Ne4+ 48. Kf3 Bc6 49. Kf4 Nf2 50. Nxf5+ exf5 51. Bxf5 Rf3+ 52. Ke5 Re3+ 53.
Kf4 Rf3+ 54. Ke5 Re3+
1/2-1/2

[Event "Oslo Chess International 2014"]
[Site "Oslo"]
[Date "2014.09.28"]
[Round "3"]
[White "Hanssen, Gunnar B."]
[Black "Rozentalis, Eduardas"]
[Result "0-1"]
[WhiteElo "2204"]
[BlackElo "2615"]
[PlyCount "108"]
[EventDate "2014.??.??"]

1. Nf3 b5 2. e4 Bb7 3. Bxb5 Bxe4 4. d4 e6 5. O-O Nf6 6. c4 c6 7. Ba4 Qb6 8. Ng5
Bxb1 9. Rxb1 Be7 10. Qd3 O-O 11. Bc2 g6 12. Bf4 d6 13. Rfd1 Qd8 14. Ne4 Nxe4
15. Qxe4 d5 16. Qe2 Nd7 17. c5 a5 18. Rd3 Re8 19. Re3 Bf6 20. Rd1 Bg7 21. Ba4
Qc8 22. Bd6 Ra7 23. a3 Nf6 24. Be5 Rb7 25. b3 Ra7 26. f3 Nd7 27. Bd6 Ra8 28.
Qe1 Bh6 29. Re2 Qa6 30. g3 Bf8 31. Bxf8 Kxf8 32. Qd2 e5 33. Rde1 f6 34. h4 Kg7
35. h5 Re6 36. hxg6 hxg6 37. Rh2 Rg8 38. Ree2 Qa8 39. Rh6 Qe8 40. Reh2 Nf8 41.
g4 exd4 42. g5 fxg5 43. Qxd4+ Kf7 44. Rf2 Re1+ 45. Kg2 Ne6 46. Rh7+ Rg7 47.
Rxg7+ Nxg7 48. f4 g4 49. f5 Nxf5 50. Qxg4 Qe6 51. Qf4 Qf6 52. Qc7+ Re7 53. Qf4
Kg7 54. Kh2 Re4
0-1

[Event "Oslo Chess International 2014"]
[Site "Oslo"]
[Date "2014.09.28"]
[Round "3"]
[White "Prohaszka, Peter"]
[Black "Gledura, Benjamin"]
[Result "1/2-1/2"]
[WhiteElo "2588"]
[BlackElo "2414"]
[PlyCount "38"]
[EventDate "2014.??.??"]

1. Nf3 d5 2. g3 Bg4 3. Bg2 Nd7 4. d4 e6 5. O-O c6 6. c4 Ngf6 7. Qb3 Qb6 8. Nc3
Be7 9. Re1 O-O 10. c5 Qa6 11. e4 b6 12. cxb6 Rab8 13. Bf4 Rxb6 14. Qc2 dxe4 15.
Ne5 Nxe5 16. Bxe5 Bf3 17. Nxe4 Bxg2 18. Kxg2 Qb5 19. b3 Qd5
1/2-1/2

[Event "Oslo Chess International 2014"]
[Site "Oslo"]
[Date "2014.09.28"]
[Round "3"]
[White "Bellia, Fabrizio"]
[Black "Turov, Maxim"]
[Result "1/2-1/2"]
[WhiteElo "2408"]
[BlackElo "2586"]
[PlyCount "90"]
[EventDate "2014.??.??"]

1. d4 Nf6 2. Nf3 e6 3. c4 Bb4+ 4. Bd2 a5 5. Nc3 b6 6. e3 Bb7 7. Bd3 O-O 8. Qc2
d5 9. cxd5 exd5 10. O-O Re8 11. Ne5 Bf8 12. Rac1 c5 13. Bb5 Re6 14. Rfd1 Na6
15. a3 Nc7 16. Be2 Bd6 17. f4 c4 18. a4 Bb4 19. b3 cxb3 20. Qxb3 Nfe8 21. Nb5
Na6 22. Bxb4 Nxb4 23. Rc3 Re7 24. Rdc1 f6 25. Ng4 Rc8 26. Bf3 Rxc3 27. Rxc3 Nd6
28. Nxd6 Qxd6 29. g3 Rc7 30. Nf2 Rxc3 31. Qxc3 Qc6 32. Nd1 Qd7 33. Be2 Bc6 34.
Nb2 Kf8 35. Nd3 Nxd3 36. Qxd3 g6 37. Qb3 Qd8 38. Kf2 Ke7 39. Ke1 Kd6 40. Kd2
Kc7 41. Bb5 Bxb5 42. Qxb5 Qd7 43. Kd3 Qxb5+ 44. axb5 g5 45. fxg5 fxg5
1/2-1/2

[Event "Oslo Chess International 2014"]
[Site "Oslo"]
[Date "2014.09.28"]
[Round "3"]
[White "Solodovnichenko, Yuri"]
[Black "Bjerke, Richard"]
[Result "1-0"]
[WhiteElo "2566"]
[BlackElo "2172"]
[PlyCount "97"]
[EventDate "2014.??.??"]

1. e4 e6 2. d4 d5 3. Nc3 Bb4 4. a3 Bxc3+ 5. bxc3 dxe4 6. Qg4 Nf6 7. Qxg7 Rg8 8.
Qh6 Rg6 9. Qe3 b6 10. Bb2 Bb7 11. O-O-O Nbd7 12. Nh3 Qe7 13. Nf4 Rg8 14. c4
O-O-O 15. h3 e5 16. dxe5 Nxe5 17. Be2 Ng6 18. Rhe1 Rxd1+ 19. Rxd1 Rd8 20. Rxd8+
Qxd8 21. Nxg6 fxg6 22. Qf4 Ne8 23. Qf7 Bc6 24. Kb1 Qd2 25. Bg4+ Kb7 26. c5 Ba4
27. Qc4 Bc6 28. Bd4 Qa5 29. Qb4 Qb5 30. c4 Qa4 31. Kc1 a5 32. Qxa4 Bxa4 33. Be6
Bc6 34. g4 bxc5 35. Bxc5 Nf6 36. Bd4 Nd7 37. Bg8 h5 38. gxh5 gxh5 39. Kd2 Nb6
40. Ke3 Bd7 41. h4 Bc6 42. Bxb6 Kxb6 43. Bf7 Kc5 44. Bxh5 Kxc4 45. Bf7+ Bd5 46.
Bxd5+ Kxd5 47. h5 Ke5 48. h6 Kf6 49. Kxe4
1-0

[Event "Oslo Chess International 2014"]
[Site "Oslo"]
[Date "2014.09.28"]
[Round "3"]
[White "Papp, Gabor"]
[Black "Basso, Pier Luigi"]
[Result "1-0"]
[WhiteElo "2559"]
[BlackElo "2322"]
[PlyCount "83"]
[EventDate "2014.??.??"]

1. e4 c5 2. Nf3 d6 3. d4 cxd4 4. Nxd4 Nf6 5. Nc3 a6 6. Qf3 g6 7. h3 Bg7 8. Be3
Nc6 9. O-O-O Ne5 10. Qg3 Qc7 11. Kb1 Nc4 12. Bg5 Be6 13. Nxe6 fxe6 14. Bxc4
Qxc4 15. e5 dxe5 16. Qxe5 Kf7 17. Qf4 Qxf4 18. Bxf4 Rhd8 19. Be5 Rac8 20. Rhe1
Bh6 21. a4 Rd2 22. Rxd2 Bxd2 23. Rd1 Bxc3 24. Bxc3 Ne4 25. Be1 h5 26. f3 Nd6
27. b3 Nf5 28. Bf2 Nd6 29. c4 b5 30. cxb5 axb5 31. a5 Ra8 32. b4 Ke8 33. Kb2
Ra6 34. Kb3 Kd7 35. Bc5 Ra8 36. Kc3 e5 37. Re1 Nc4 38. f4 Kc6 39. fxe5 Nxa5 40.
Ra1 Kd5 41. Kd3 Kc6 42. Ke4
1-0

[Event "Oslo Chess International 2014"]
[Site "Oslo"]
[Date "2014.09.28"]
[Round "3"]
[White "Lillevold, Frode"]
[Black "Werle, Jan"]
[Result "0-1"]
[WhiteElo "2199"]
[BlackElo "2523"]
[PlyCount "80"]
[EventDate "2014.??.??"]

1. d4 f5 2. g3 Nf6 3. Bg2 g6 4. Nf3 Bg7 5. O-O O-O 6. c4 d6 7. Nc3 Qe8 8. d5 a5
9. Re1 Na6 10. e4 fxe4 11. Nxe4 Nxe4 12. Rxe4 Nc5 13. Rh4 e5 14. dxe6 Nxe6 15.
Bh6 Bxh6 16. Rxh6 Qf7 17. Qd2 Qg7 18. Re1 Bd7 19. Rh4 Rae8 20. Rxe6 Bxe6 21.
Ng5 c6 22. Rxh7 Qe5 23. Rxb7 Bxc4 24. Ne4 Re7 25. Rxe7 Qxe7 26. Qxd6 Qxd6 27.
Nxd6 Bxa2 28. Bxc6 Rf6 29. Nc8 Kf8 30. Be4 Bf7 31. f3 Be8 32. Kf2 Bd7 33. Bb7
Bc6 34. Bxc6 Rxc6 35. Na7 Rc2+ 36. Ke3 Rxb2 37. Kd3 a4 38. Kc3 a3 39. Nc6 Rb1
40. Nd4 a2
0-1

[Event "Oslo Chess International 2014"]
[Site "Oslo"]
[Date "2014.09.28"]
[Round "3"]
[White "Svane, Rasmus"]
[Black "Nilsen, Joachim B."]
[Result "1/2-1/2"]
[WhiteElo "2506"]
[BlackElo "2363"]
[PlyCount "92"]
[EventDate "2014.??.??"]

1. c4 c5 2. Nf3 Nf6 3. Nc3 g6 4. e4 Bg7 5. d4 cxd4 6. Nxd4 d6 7. Be2 O-O 8. O-O
Nc6 9. Be3 Bd7 10. Qd2 Nxd4 11. Bxd4 Bc6 12. f3 a5 13. b3 Nd7 14. Be3 Nc5 15.
Rac1 Qb6 16. Nd5 Bxd5 17. cxd5 Qb4 18. Rc2 Qxd2 19. Bxd2 f5 20. Bg5 Bf6 21.
Bxf6 Rxf6 22. e5 Rff8 23. f4 Rac8 24. Rfc1 Rc7 25. Bb5 b6 26. e6 Ra7 27. Rc4
Kg7 28. h3 h6 29. Rf1 Raa8 30. Rc3 Rac8 31. Rfc1 Ra8 32. Kh2 g5 33. Rf1 Rac8
34. Bc6 Kg6 35. a3 Rc7 36. Rfc1 Ra7 37. g3 Kf6 38. Bb5 gxf4 39. gxf4 Rg8 40.
Be2 Raa8 41. Bh5 Ne4 42. R3c2 b5 43. Bf7 Rg3 44. Rg1 Rxg1 45. Kxg1 Kg7 46. Rc7
Kf6
1/2-1/2

[Event "Oslo Chess International 2014"]
[Site "Oslo"]
[Date "2014.09.28"]
[Round "3"]
[White "Andersen, Mads"]
[Black "Galyas, Miklos"]
[Result "1/2-1/2"]
[WhiteElo "2470"]
[BlackElo "2421"]
[PlyCount "62"]
[EventDate "2014.??.??"]

1. d4 e6 2. c4 f5 3. Nf3 Nf6 4. g3 d5 5. Bg2 c6 6. O-O Bd6 7. Qc2 O-O 8. Nc3
Ne4 9. Rb1 Nd7 10. b4 b5 11. cxb5 Nxc3 12. Qxc3 cxb5 13. Bg5 Qb6 14. Qe3 Re8
15. Rfc1 Qb8 16. Bf4 Bxf4 17. Qxf4 Nb6 18. Qxb8 Rxb8 19. Rc7 Rb7 20. Rbc1 Nc4
21. Rc5 Bd7 22. Ne5 Nxe5 23. dxe5 Kf8 24. Rc7 Reb8 25. f3 Ke8 26. Rxb7 Rxb7 27.
Kf2 a5 28. a3 axb4 29. axb4 Ra7 30. Rc2 Ra3 31. Rb2 Kd8
1/2-1/2

[Event "Oslo Chess International 2014"]
[Site "Oslo"]
[Date "2014.09.28"]
[Round "3"]
[White "Hauge, Lars Oskar"]
[Black "Elsness, Frode"]
[Result "1-0"]
[WhiteElo "2322"]
[BlackElo "2465"]
[PlyCount "91"]
[EventDate "2014.??.??"]

1. c4 Nf6 2. g3 e5 3. Bg2 c6 4. Nf3 e4 5. Nd4 d5 6. cxd5 Qxd5 7. Nb3 Bf5 8. Nc3
Qe5 9. O-O Bb4 10. d4 Qe7 11. a3 Bd6 12. Nd2 O-O 13. Nc4 Bc7 14. Bg5 Rd8 15.
Qb3 b6 16. Ne3 Bg6 17. d5 c5 18. Bxf6 gxf6 19. d6 Bxd6 20. Ned5 Qe6 21. Nxe4
Bxe4 22. Bxe4 Nd7 23. Qf3 Ne5 24. Nxf6+ Kh8 25. Qh5 Kg7 26. Bxa8 Qxf6 27. Be4
Ng6 28. b3 Re8 29. Qf3 Qe7 30. Bd5 Rf8 31. Rad1 f5 32. e3 Ne5 33. Qe2 Rf6 34.
Bg2 Ng4 35. h3 Ne5 36. Rfe1 c4 37. bxc4 Bxa3 38. Rd5 Bc5 39. Red1 a5 40. Qc2
Qe6 41. Qc3 Ng6 42. Rd8 a4 43. R1d7+ Kh6 44. Bd5 Qe5 45. Rh8 Rf7 46. Qxe5
1-0